000 00255nam a2200109Ia 4500
008 190913s9999||||xx |||||||||||||| ||und||
100 _aRossbach, Peter
245 0 _aProfessional C # 2
260 _aUSA
_bMicrosoft Press
_c1998
300 _a925
942 _cBK
999 _c8035
_d8035